[Event "SA Championship"]
[Site "Adelaide"]
[Date "2008.03.04"]
[Round "5.5"]
[White "Cowley, Robert"]
[Black "Sykes, Alexander"]
[Result "1/2-1/2"]
[WhiteElo "2026"]
[BlackElo "1920"]
[PlyCount "77"]
[EventDate "2008.02.05"]
[EventType "tourn"]
[EventRounds "11"]
[EventCountry "AUS"]

1. e4 Nf6 2. e5 Nd5 3. d4 d6 4. c4 Nb6 5. f4 dxe5 6. fxe5 Nc6 7. Be3 Bf5 8. Nc3
e6 9. Be2 Bb4 10. Nf3 O-O 11. O-O f6 12. exf6 Qxf6 13. Rc1 Be7 14. Qb3 Rab8 15.
Nb5 Rbc8 16. Bg5 Qf7 17. Bxe7 Qxe7 18. Qe3 a6 19. Nc3 Qb4 20. b3 Rcd8 21. h3
Rfe8 22. Rfd1 Qa3 23. g4 Bg6 24. Ne5 Nxe5 25. Qxe5 Rd7 26. Bf3 Qb2 27. Be4 Bxe4
28. Qxe4 c6 29. Rc2 Qa3 30. Nb1 Qd6 31. Kg2 Nc8 32. Nc3 Ne7 33. Rf2 Ng6 34. Ne2
Rf8 35. Rxf8+ Kxf8 36. Rf1+ Rf7 37. Rxf7+ Kxf7 38. g5 e5 39. dxe5 1/2-1/2

[Event "SA Championship"]
[Site "Adelaide"]
[Date "2008.03.11"]
[Round "6.1"]
[White "Mdinaradze, Edgar"]
[Black "Cowley, Robert"]
[Result "1-0"]
[WhiteElo "1908"]
[BlackElo "2026"]
[PlyCount "131"]
[EventDate "2008.02.05"]
[EventType "tourn"]
[EventRounds "11"]
[EventCountry "AUS"]

1. d4 d5 2. c4 dxc4 3. Nc3 c6 4. a4 Nf6 5. Nf3 Bf5 6. Ne5 Nbd7 7. Nxc4 Qc7 8.
e3 e5 9. Be2 Be7 10. O-O O-O 11. Bf3 e4 12. Be2 Nb6 13. Nd2 Bd6 14. h3 Rfe8 15.
a5 Nbd5 16. Nc4 Rad8 17. Nxd6 Rxd6 18. Bd2 Qd7 19. Kh2 h6 20. Rg1 g5 21. Na4
Qc7 22. g3 Bc8 23. Kg2 Kg7 24. Rc1 h5 25. b4 a6 26. Nc5 h4 27. b5 axb5 28. Bxb5
hxg3 29. fxg3 g4 30. Be2 gxh3+ 31. Kh2 Ng8 32. Qb3 Nh6 33. Rcf1 Rg6 34. Qd1 Nf5
35. Rf4 Nxf4 36. exf4 Qd6 37. Bc3 Qd5 38. Qb3 Qxb3 39. Nxb3 Ne3 40. Bd2 Nd5 41.
Nc5 e3 42. Be1 Re7 43. Rf1 b6 44. axb6 Nxb6 45. f5 Rf6 46. g4 Nd5 47. Bh4 Ra7
48. Kxh3 Ra2 49. Bc4 Rh6 50. Bxa2 Nb4 51. f6+ Kf8 52. Rb1 Nxa2 53. Rb8 Kg8 54.
Rxc8+ Kh7 55. g5 Rg6 56. Re8 Nc3 57. Rxe3 Nd5 58. Re8 Nxf6 59. gxf6 Rg1 60. Ne4
Rd1 61. Bf2 Kg6 62. Kg4 Rd3 63. Rg8+ Kh6 64. Kf4 Rd1 65. Kf5 Kh7 66. Rg7+ 1-0

[Event "SA Championship"]
[Site "Adelaide"]
[Date "2008.03.11"]
[Round "6.2"]
[White "Rigo, Bernard"]
[Black "Juszczynski, Mathew"]
[Result "1-0"]
[WhiteElo "1777"]
[BlackElo "1906"]
[PlyCount "83"]
[EventDate "2008.02.05"]
[EventType "tourn"]
[EventRounds "11"]
[EventCountry "AUS"]

1. e4 c5 2. Nf3 d6 3. d4 cxd4 4. Nxd4 Nf6 5. Nc3 a6 6. Bd3 e5 7. Nde2 Be7 8.
O-O O-O 9. Bg5 Nbd7 10. Ng3 g6 11. Qd2 b5 12. a3 Bb7 13. Rad1 Rc8 14. h3 Nb6
15. f4 Nfd7 16. Bxe7 Qxe7 17. f5 f6 18. Be2 Rc6 19. Na2 Nc8 20. Nb4 Rc5 21. a4
Ndb6 22. axb5 axb5 23. b3 Qc7 24. Bd3 g5 25. Qe2 Na7 26. Rf2 Nc6 27. Nxc6 Qxc6
28. Qd2 Ra8 29. b4 Rc3 30. Bxb5 Qxb5 31. Qxc3 Nc4 32. Nh5 Kf7 33. Qe1 Qb6 34.
Kh2 Ra3 35. c3 Ke7 36. Re2 Qa7 37. Rc1 d5 38. exd5 Bxd5 39. Qf2 Qb7 40. Qc5+
Kf7 41. Rd1 Nb6 42. Red2 1-0

[Event "SA Championship"]
[Site "Adelaide"]
[Date "2008.04.11"]
[Round "6.3"]
[White "Jackson, Ralph"]
[Black "Cloudsdale, Colin"]
[Result "1/2-1/2"]
[WhiteElo "1901"]
[BlackElo "1962"]
[PlyCount "124"]
[EventDate "2008.02.05"]
[EventType "tourn"]
[EventRounds "11"]
[EventCountry "AUS"]

1. c4 Nf6 2. g3 g6 3. Bg2 Bg7 4. Nc3 d6 5. Nf3 O-O 6. d4 c6 7. O-O Nbd7 8. e4
Qc7 9. h3 e5 10. Be3 exd4 11. Nxd4 Re8 12. Rc1 Nc5 13. Qc2 a5 14. Rfd1 Be6 15.
Ndb5 cxb5 16. Nxb5 Qe7 17. Nxd6 Nfd7 18. Nxe8 Rxe8 19. Qd2 b6 20. b3 Ne5 21.
Qd6 Qf6 22. f4 Ned7 23. Bd4 Qe7 24. Qxe7 Rxe7 25. Bxg7 Kxg7 26. Rd6 h5 27. Rf1
f6 28. Rfd1 Bf7 29. a3 Be8 30. b4 axb4 31. axb4 Nxe4 32. Bxe4 Rxe4 33. Rxd7+
Bxd7 34. Rxd7+ Kf8 35. Rc7 h4 36. Kf2 hxg3+ 37. Kxg3 Re3+ 38. Kg4 Rd3 39. h4
Rd4 40. Kf3 Rd3+ 41. Ke4 Rh3 42. Rc6 Kf7 43. Rxb6 Rxh4 44. Ke3 g5 45. fxg5 fxg5
46. c5 Ke7 47. b5 Rc4 48. Rb7+ Kd8 49. c6 g4 50. Kf2 Kc8 51. Kg3 Kd8 52. Kh4
Kc8 53. Rg7 Rb4 54. Rg5 Kc7 55. Rg7+ Kc8 56. Rb7 Kd8 57. b6 Kc8 58. Rc7+ Kb8
59. Rb7+ Kc8 60. Kg3 Rc4 61. Rc7+ Kb8 62. Kh4 Rb4 1/2-1/2

[Event "SA Championship"]
[Site "Adelaide"]
[Date "2008.03.11"]
[Round "6.4"]
[White "Zulfic, Fedja"]
[Black "Kerr, Bill"]
[Result "1-0"]
[WhiteElo "1767"]
[BlackElo "1958"]
[PlyCount "85"]
[EventDate "2008.02.05"]
[EventType "tourn"]
[EventRounds "11"]
[EventCountry "AUS"]

1. d4 Nc6 2. Nf3 d5 3. Bf4 Bg4 4. Nbd2 f6 5. c3 g5 6. Bg3 Nh6 7. h3 Bh5 8. Qb3
Rb8 9. e3 e6 10. Be2 Bd6 11. Bxd6 Qxd6 12. O-O-O O-O 13. g4 Bg6 14. Rdg1 Nf7
15. h4 h6 16. Ne1 e5 17. Bd3 e4 18. Bc2 b5 19. a3 a5 20. f3 Rfe8 21. fxe4 dxe4
22. hxg5 hxg5 23. Rh3 Kg7 24. Rgh1 f5 25. gxf5 Bxf5 26. Nxe4 Rxe4 27. Rh7+ Bxh7
28. Rxh7+ Kxh7 29. Qxf7+ Kh8 30. Bxe4 Qh6 31. Qxc7 g4 32. Bxc6 Qxe3+ 33. Kd1
Rf8 34. Qe5+ Qxe5 35. dxe5 Kg7 36. Ke2 Rb8 37. Nd3 Kg6 38. Bd7 Kg5 39. e6 Kf6
40. Kf2 Rh8 41. Nf4 Rh2+ 42. Kg3 Rxb2 43. Nd5+ 1-0

[Event "SA Championship"]
[Site "Adelaide"]
[Date "2008.03.11"]
[Round "6.5"]
[White "Djelaj, Pasko"]
[Black "Short, Andrew"]
[Result "0-1"]
[WhiteElo "1647"]
[BlackElo "1703"]
[PlyCount "86"]
[EventDate "2008.02.05"]
[EventType "tourn"]
[EventRounds "11"]
[EventCountry "AUS"]

1. d4 Nf6 2. Nf3 g6 3. c4 Bg7 4. Nc3 O-O 5. e4 d6 6. Be2 e5 7. d5 a5 8. h3 Na6
9. Be3 Bd7 10. a3 Nh5 11. Qd2 Nc5 12. Rd1 Nb3 13. Qc2 a4 14. g3 Qe8 15. h4 f5
16. Ng5 f4 17. gxf4 Nxf4 18. Bf1 h6 19. Ne6 Bxe6 20. dxe6 Nxe6 21. Nd5 Qf7 22.
Bg2 Ned4 23. Qd3 h5 24. Rh3 Bh6 25. f4 c6 26. Nb6 Nc5 27. Qc3 Ra6 28. Nxa4 Nxa4
29. Qc1 Bxf4 30. Bxf4 Qxf4 31. Qxf4 Rxf4 32. Rd2 Nc5 33. Kd1 Nxe4 34. Bxe4 Rxe4
35. Rdd3 b5 36. cxb5 cxb5 37. Rc3 Rc6 38. Rcg3 Kg7 39. Rh2 Nf5 40. Rb3 Ne3+ 41.
Ke2 Rc2+ 42. Kf3 Rf4+ 43. Kxe3 Rxh2 0-1

[Event "SA Championship"]
[Site "Adelaide"]
[Date "2008.03.18"]
[Round "7.1"]
[White "Kerr, Bill"]
[Black "Djelaj, Pasko"]
[Result "1-0"]
[WhiteElo "1958"]
[BlackElo "1647"]
[PlyCount "45"]
[EventDate "2008.02.05"]
[EventType "tourn"]
[EventRounds "11"]
[EventCountry "AUS"]

1. Nf3 Nf6 2. g3 e6 3. Bg2 c5 4. d3 Nc6 5. O-O d6 6. Nbd2 Be7 7. e4 Qc7 8. a4
b6 9. Nc4 Nd7 10. c3 Bb7 11. b3 O-O 12. Bf4 Rad8 13. Rc1 e5 14. Be3 Nf6 15. Qe2
Rfe8 16. Bg5 Nb8 17. Nh4 h6 18. Bxf6 Bxf6 19. Nf5 Bc8 20. Nce3 Be6 21. Nd5 Qc8
22. Nxf6+ gxf6 23. Qg4+ 1-0

[Event "SA Championship"]
[Site "Adelaide"]
[Date "2008.03.18"]
[Round "7.2"]
[White "Cloudsdale, Colin"]
[Black "Zulfic, Fedja"]
[Result "1-0"]
[WhiteElo "1962"]
[BlackElo "1767"]
[PlyCount "89"]
[EventDate "2008.02.05"]
[EventType "tourn"]
[EventRounds "11"]
[EventCountry "AUS"]

1. e4 c5 2. Nf3 Nf6 3. Nc3 d5 4. exd5 Nxd5 5. Bc4 Nxc3 6. bxc3 Nc6 7. O-O g6 8.
Qe2 Bg7 9. Bb2 O-O 10. d4 cxd4 11. cxd4 Qb6 12. Rab1 Bg4 13. d5 Bxb2 14. dxc6
bxc6 15. c3 Bxf3 16. gxf3 Rab8 17. Bb3 Qa5 18. Rxb2 Rb5 19. f4 Qxc3 20. Rc2 Qf6
21. Qe3 e5 22. Rc4 Rd8 23. Re4 exf4 24. Rxf4 Rf5 25. Rxf5 Qxf5 26. Re1 Rd3 27.
Qe8+ Kg7 28. Qe5+ Qf6 29. Qxf6+ Kxf6 30. Rc1 Rd6 31. Ba4 Rd2 32. Rxc6+ Ke7 33.
Bb3 Rd7 34. Kg2 Rb7 35. Kf3 h5 36. Kf4 Rd7 37. Kg5 Rb7 38. Kh6 Kf8 39. Rc8+ Ke7
40. Kg7 Kd6 41. Rf8 Rb5 42. Rxf7 g5 43. Kg6 g4 44. Rf5 Rb8 45. Kxh5 1-0

[Event "SA Championship"]
[Site "Adelaide"]
[Date "2008.04.03"]
[Round "7.3"]
[White "Juszczynski, Mathew"]
[Black "Jackson, Ralph"]
[Result "0-1"]
[WhiteElo "1906"]
[BlackElo "1901"]
[PlyCount "90"]
[EventDate "2008.02.05"]
[EventType "tourn"]
[EventRounds "11"]
[EventCountry "AUS"]

1. c4 g6 2. Nc3 Bg7 3. g3 d6 4. Bg2 e5 5. e4 Nc6 6. Nge2 Nge7 7. O-O O-O 8. d3
f5 9. Nd5 h6 10. Rb1 a5 11. b3 g5 12. f4 exf4 13. gxf4 g4 14. Bb2 Nb4 15. Bxg7
Kxg7 16. Qd2 c6 17. Nxe7 Qxe7 18. Ng3 Kg8 19. Rbe1 Qg7 20. e5 dxe5 21. Rxe5 c5
22. Rfe1 Qd7 23. R5e3 a4 24. a3 Nc6 25. Bd5+ Kh8 26. Bxc6 bxc6 27. b4 Qd4 28.
Ne2 Qd6 29. bxc5 Qxc5 30. Qc3+ Kg8 31. d4 Qa5 32. Qc1 Rb8 33. Ng3 Rb3 34. Nh5
Qb6 35. c5 Qb5 36. Rxb3 axb3 37. Qc3 Bd7 38. Rb1 Be8 39. Ng3 Bf7 40. Nxf5 Be6
41. Nxh6+ Kh7 42. f5 Bxf5 43. Nxf5 Rxf5 44. Qxb3 Rf1+ 45. Kg2 Qe2+ 0-1

[Event "SA Championship"]
[Site "Adelaide"]
[Date "2008.03.18"]
[Round "7.5"]
[White "Sykes, Alexander"]
[Black "Mdinaradze, Edgar"]
[Result "0-1"]
[WhiteElo "1920"]
[BlackElo "1908"]
[PlyCount "73"]
[EventDate "2008.02.05"]
[EventType "tourn"]
[EventRounds "11"]
[EventCountry "AUS"]

1. d4 Nf6 2. c4 g6 3. Nc3 Bg7 4. e4 d6 5. Bg5 Nbd7 6. f4 h6 7. Bh4 c6 8. e5
dxe5 9. dxe5 Nh7 10. Nf3 Nhf8 11. Qd2 Ne6 12. Be2 Qc7 13. Bg3 Ndc5 14. h4 h5
15. b4 Nd7 16. a3 a5 17. Rb1 b6 18. O-O Bb7 19. b5 Ndc5 20. Rfd1 Rd8 21. Qe3
O-O 22. bxc6 Bxc6 23. Nd5 Qa7 24. Rd2 a4 25. Bf2 Nb3 26. Rdd1 Nec5 27. Nd4 Nxd4
28. Rxd4 Bxd5 29. cxd5 Rb8 30. Rdb4 Rfd8 31. Bf3 f6 32. Qe2 fxe5 33. fxe5 Qc7
34. Qc2 Na6 35. Rc4 Qxe5 36. Qxg6 Rd6 37. Rc8+ 0-1

[Event "SA Championship"]
[Site "Adelaide"]
[Date "2008.03.25"]
[Round "8.1"]
[White "Rigo, Bernard"]
[Black "Sykes, Alexander"]
[Result "1/2-1/2"]
[WhiteElo "1777"]
[BlackElo "1920"]
[PlyCount "41"]
[EventDate "2008.02.05"]
[EventType "tourn"]
[EventRounds "11"]
[EventCountry "AUS"]

1. e4 Nf6 2. e5 Nd5 3. d4 d6 4. Nf3 Nc6 5. h3 dxe5 6. dxe5 Bf5 7. a3 g6 8. c4
Nb6 9. Qxd8+ Rxd8 10. Nc3 Na5 11. Nd2 Bh6 12. Nde4 Nb3 13. Bxh6 Nxa1 14. f3
Nc2+ 15. Kf2 Be6 16. Nc5 Bxc4 17. Bxc4 Nxc4 18. Nb5 Rc8 19. Nxa7 Rd8 20. Nb5
Rc8 21. Na7 1/2-1/2

[Event "SA Championship"]
[Site "Adelaide"]
[Date "2008.03.25"]
[Round "8.3"]
[White "Zulfic, Fedja"]
[Black "Juszczynski, Mathew"]
[Result "1-0"]
[WhiteElo "1767"]
[BlackElo "1906"]
[PlyCount "115"]
[EventDate "2008.02.05"]
[EventType "tourn"]
[EventRounds "11"]
[EventCountry "AUS"]

1. d4 Nf6 2. c4 e6 3. Nf3 d5 4. e3 c6 5. Nbd2 Be7 6. Bd3 O-O 7. O-O Nbd7 8. e4
dxe4 9. Nxe4 Nxe4 10. Bxe4 Nf6 11. Bc2 c5 12. Bg5 Qc7 13. Qd3 g6 14. Rad1 Rd8
15. g3 b6 16. d5 Bb7 17. Qc3 exd5 18. Bxf6 d4 19. Bxd4 cxd4 20. Nxd4 Bf6 21.
Qe3 Qc5 22. Nb5 Qc6 23. f3 Re8 24. Be4 Qe6 25. Nc7 Qxc4 26. Nxe8 Rxe8 27. b3
Qb4 28. Qd2 Rxe4 29. fxe4 Qxe4 30. Rxf6 Qh1+ 31. Kf2 Qxh2+ 32. Ke3 Qxg3+ 33.
Kd4 Qc7 34. Qf4 Qc2 35. Rc1 Qb2+ 36. Rc3 Bd5 37. Rd6 Be6 38. Rd8+ Kg7 39. Qe5+
Kh6 40. Qf4+ Kg7 41. Qe5+ Kh6 42. Qe3+ Kg7 43. Re8 b5 44. Rxe6 fxe6 45. Qe5+
Kh6 46. Qxb5 Qf2+ 47. Kc4 Qe2+ 48. Kc5 Qe5+ 49. Kb4 a5+ 50. Qxa5 Qd4+ 51. Rc4
Qd2+ 52. Kb5 Qd7+ 53. Kb4 Qd2+ 54. Rc3 Qd4+ 55. Ka3 Qd6+ 56. Qb4 Qa6+ 57. Kb2
Qe2+ 58. Rc2 1-0

[Event "SA Championship"]
[Site "Adelaide"]
[Date "2008.03.25"]
[Round "8.4"]
[White "Djelaj, Pasko"]
[Black "Cloudsdale, Colin"]
[Result "1-0"]
[WhiteElo "1674"]
[BlackElo "1962"]
[PlyCount "105"]
[EventDate "2008.02.05"]
[EventType "tourn"]
[EventRounds "11"]
[EventCountry "AUS"]

1. d4 Nf6 2. c4 e6 3. Nc3 Bb4 4. Bg5 h6 5. Bh4 c5 6. e3 Qa5 7. Nge2 cxd4 8.
exd4 Qh5 9. Bg3 Ne4 10. Qc2 f5 11. O-O-O Bxc3 12. Nxc3 Nxg3 13. fxg3 Qg5+ 14.
Kb1 a6 15. Be2 O-O 16. Bf3 Nc6 17. Rhe1 Qf6 18. Qd2 Rb8 19. Be2 b6 20. a3 g5
21. d5 Ne5 22. Qd4 Ng6 23. Qd2 e5 24. h4 d6 25. Rf1 Qe7 26. h5 Nh8 27. Rde1 Bd7
28. Rf2 b5 29. cxb5 axb5 30. Na2 Rfc8 31. Nb4 Rb6 32. Bd1 Rc4 33. Bb3 Rc5 34.
Nd3 Rc4 35. Qe3 Rb7 36. Bxc4 bxc4 37. Nb4 Nf7 38. Rc1 e4 39. Nc6 Qf6 40. Rxc4
f4 41. Qc3 Ne5 42. Rb4 Rc7 43. Rb8+ Kg7 44. Qa5 Nxc6 45. dxc6 Rxc6 46. Rb7 Qe6
47. Qa7 Qc4 48. Rxd7+ Kf6 49. gxf4 Qd3+ 50. Ka2 e3 51. fxg5+ Ke5 52. Re7+ Kd5
53. Rxe3 1-0

[Event "SA Championship"]
[Site "Adelaide"]
[Date "2008.03.25"]
[Round "8.5"]
[White "Short, Andrew"]
[Black "Kerr, Bill"]
[Result "0-1"]
[WhiteElo "1703"]
[BlackElo "1958"]
[PlyCount "106"]
[EventDate "2008.02.05"]
[EventType "tourn"]
[EventRounds "11"]
[EventCountry "AUS"]

1. e4 Nc6 2. Nf3 d6 3. d4 Bg4 4. Be3 Nf6 5. Nc3 e6 6. Be2 Be7 7. Qd2 O-O 8. h3
Bh5 9. a3 Re8 10. g4 Bg6 11. Bd3 d5 12. e5 Ne4 13. Bxe4 dxe4 14. Ng1 f6 15.
exf6 Bxf6 16. Nge2 Bh4 17. Nf4 Qf6 18. Ng2 Qf3 19. Kf1 Rad8 20. Rd1 Nxd4 21.
Qc1 e5 22. Rh2 Bg3 23. Ne1 Qf7 24. Rg2 Bh4 25. Bg5 Qc4+ 26. Kg1 Nf3+ 27. Nxf3
Rxd1+ 28. Nxd1 exf3 29. Bxh4 fxg2 30. Ne3 Qe4 31. Qd1 Qd4 32. c3 Qxd1+ 33. Nxd1
Be4 34. Ne3 Kf7 35. Nxg2 Bxg2 36. Kxg2 Ke6 37. Kf3 Kd5 38. b3 Re6 39. Ke3 Rh6
40. Bd8 Rxh3+ 41. Kd2 c6 42. Bg5 Ke4 43. Be3 h6 44. Bxa7 Kf4 45. Be3+ Rxe3 46.
fxe3+ Kxg4 47. Ke2 Kg3 48. a4 Kg2 49. a5 h5 50. b4 h4 51. c4 h3 52. b5 h2 53.
a6 bxa6 0-1

[Event "SA Championship"]
[Site "Adelaide"]
[Date "2008.04.01"]
[Round "9.1"]
[White "Cloudsdale, Colin"]
[Black "Short, Andrew"]
[Result "1-0"]
[WhiteElo "1962"]
[BlackElo "1703"]
[PlyCount "121"]
[EventDate "2008.02.05"]
[EventType "tourn"]
[EventRounds "11"]
[EventCountry "AUS"]

1. e4 e5 2. f4 exf4 3. Nf3 g5 4. Bc4 g4 5. Ne5 Qh4+ 6. Kf1 Nh6 7. d4 d6 8. Nd3
f3 9. Bf4 Bg7 10. c3 fxg2+ 11. Kxg2 Nc6 12. Re1 Bd7 13. Bg3 Qg5 14. e5 dxe5 15.
Nxe5 Nxe5 16. Bxe5 O-O-O 17. Qd2 Qxd2+ 18. Nxd2 f6 19. Bf4 Rhe8 20. Kf2 Bf5 21.
Nf1 Re4 22. Rxe4 Bxe4 23. Be6+ Kb8 24. Ne3 f5 25. Rd1 Re8 26. d5 Bf8 27. Kg3
Bd6 28. Rf1 Bxf4+ 29. Kxf4 c6 30. c4 Kc7 31. Kg5 Ng8 32. Nxf5 h6+ 33. Kh4 cxd5
34. cxd5 Bxf5 35. Rxf5 Ne7 36. Rf2 Kd6 37. Rd2 Rf8 38. Kxg4 Ng6 39. Kh5 Nf4+
40. Kxh6 Nxe6 41. dxe6+ Kxe6 42. h4 Rh8+ 43. Kg5 Rg8+ 44. Kf4 Rg1 45. h5 Kf6
46. h6 Kg6 47. Rd7 Kxh6 48. Rxb7 Rg2 49. Ke4 Rg4+ 50. Kd5 a5 51. Kc5 Rg2 52.
Rb5 Kg6 53. a4 Kf7 54. Kb6 Ke6 55. Kxa5 Kd6 56. b4 Kc7 57. Rh5 Rg7 58. Kb5 Kb7
59. a5 Rf7 60. a6+ Ka7 61. Ka5 1-0

[Event "SA Championship"]
[Site "Adelaide"]
[Date "2008.04.01"]
[Round "9.2"]
[White "Juszczynski, Mathew"]
[Black "Djelaj, Pasko"]
[Result "1-0"]
[WhiteElo "1906"]
[BlackElo "1647"]
[PlyCount "117"]
[EventDate "2008.02.05"]
[EventType "tourn"]
[EventRounds "11"]
[EventCountry "AUS"]

1. d4 Nf6 2. c4 e6 3. g3 d5 4. Nf3 b6 5. Bg2 Bb7 6. O-O Nbd7 7. cxd5 exd5 8.
Nc3 Be7 9. Bf4 a6 10. Rc1 Rc8 11. Ne5 O-O 12. Qd3 c5 13. Nxd7 Qxd7 14. dxc5
bxc5 15. e3 Rfd8 16. Rfd1 Qe6 17. Qf1 h6 18. Bh3 Ng4 19. f3 g5 20. Bxg4 f5 21.
Bh3 gxf4 22. exf4 Qe3+ 23. Qf2 Qxf2+ 24. Kxf2 d4 25. Na4 Rf8 26. Bf1 Rf6 27.
Re1 Kf8 28. Bc4 Rd8 29. b3 Bc6 30. Nb2 Bb5 31. Nd3 Rb8 32. Ne5 Rd8 33. Ke2
Bxc4+ 34. Rxc4 h5 35. Kd3 h4 36. gxh4 Rb6 37. Rg1 Rd5 38. Rc2 Re6 39. Rcg2
Rdxe5 40. fxe5 Rxe5 41. Re2 Rd5 42. h5 f4 43. h6 Rh5 44. Rg6 Rh3 45. Ke4 Kf7
46. Rxa6 Bf6 47. Kxf4 Rxh6 48. Ra7+ Kg6 49. Rg2+ Kh5 50. Rc7 Bd8 51. Rxc5+ Kh4
52. Rd5 Bc7+ 53. Ke4 Bb6 54. f4 Kh3 55. Rdg5 Kh4 56. R2g3 Re6+ 57. Re5 Rh6 58.
Kf3 Bc7 59. Reg5 1-0

[Event "SA Championship"]
[Site "Adelaide"]
[Date "2008.04.01"]
[Round "9.4"]
[White "Sykes, Alexander"]
[Black "Jackson, Ralph"]
[Result "1-0"]
[WhiteElo "1920"]
[BlackElo "1901"]
[PlyCount "73"]
[EventDate "2008.02.05"]
[EventType "tourn"]
[EventRounds "11"]
[EventCountry "AUS"]

1. d4 g6 2. c4 Bg7 3. Nc3 d6 4. e4 Nc6 5. Be3 e5 6. d5 Nce7 7. Bd3 f5 8. exf5
Nxf5 9. Bxf5 gxf5 10. f4 Nf6 11. Nf3 Ng4 12. Qd2 a6 13. fxe5 Nxe3 14. Qxe3 dxe5
15. O-O-O Qf6 16. Kb1 O-O 17. Rhe1 f4 18. Qd2 Bf5+ 19. Ne4 Rad8 20. Ka1 Qb6 21.
Qf2 Qb4 22. Qc5 Qa4 23. Nc3 Qe8 24. Qxc7 Rd7 25. Qb6 Rf6 26. d6 e4 27. c5 e3
28. Nd5 Bc2 29. Rc1 Be4 30. Nxf6+ Bxf6 31. Rc4 Qe6 32. Qb4 Bxf3 33. gxf3 Be5
34. Rxf4 Bxf4 35. Qxf4 Rg7 36. Kb1 e2 37. Qe4 1-0

[Event "SA Championship"]
[Site "Adelaide"]
[Date "2008.04.01"]
[Round "9.5"]
[White "Mdinaradze, Edgar"]
[Black "Rigo, Bernard"]
[Result "1-0"]
[WhiteElo "1908"]
[BlackElo "1777"]
[PlyCount "101"]
[EventDate "2008.02.05"]
[EventType "tourn"]
[EventRounds "11"]
[EventCountry "AUS"]

1. Nf3 d5 2. d4 Nf6 3. g3 e6 4. Bg2 c5 5. c3 Nc6 6. O-O Be7 7. Nbd2 O-O 8. Re1
cxd4 9. cxd4 Qb6 10. e3 a5 11. Nb1 a4 12. Nc3 Qa5 13. Bd2 Bb4 14. Rc1 a3 15. b3
Ne4 16. Nxe4 dxe4 17. Rc5 Qd8 18. Rxc6 Bxd2 19. Rxc8 Qxc8 20. Nxd2 f5 21. Nc4
Qd8 22. Qd2 b5 23. Ne5 Qd6 24. Bf1 Rfd8 25. Qe2 Rab8 26. Rc1 Rb6 27. Qc2 h6 28.
Qc3 Ra8 29. Be2 Ra7 30. Qc8+ Kh7 31. Bh5 g5 32. Nf7 Qb8 33. Qxb8 Rxb8 34. Ne5
Rb6 35. Bd1 b4 36. Kf1 Rab7 37. Ke1 Rd6 38. Be2 Kg7 39. Rc5 Rdb6 40. Bc4 Rd6
41. Ke2 Rdb6 42. Rc8 Re7 43. Nc6 Rd7 44. Bxe6 Rd6 45. d5 Rb5 46. Rc7+ Kh8 47.
Nd4 Ra5 48. Nxf5 Rxe6 49. dxe6 Kg8 50. Rc8+ Kh7 51. e7 1-0

[Event "SA Championship"]
[Site "Adelaide"]
[Date "2008.03.25"]
[Round "10.1"]
[White "Jackson, Ralph"]
[Black "Mdinaradze, Edgar"]
[Result "1-0"]
[WhiteElo "1901"]
[BlackElo "1908"]
[PlyCount "171"]
[EventDate "2008.02.05"]
[EventType "tourn"]
[EventRounds "11"]
[EventCountry "AUS"]

1. Nf3 c5 2. g3 Nf6 3. Bg2 Nc6 4. O-O e6 5. d4 d5 6. c4 Qb6 7. cxd5 Nxd4 8.
Nxd4 cxd4 9. dxe6 Bxe6 10. Nd2 Be7 11. Qa4+ Bd7 12. Qb3 Bc6 13. Qxb6 axb6 14.
Nb3 Bc5 15. Bxc6+ bxc6 16. Bf4 Ke7 17. Rfd1 Ra4 18. a3 Rd8 19. Rac1 Rd5 20.
Nxc5 bxc5 21. Rc2 Nd7 22. Rdc1 f5 23. b4 cxb4 24. axb4 Rxb4 25. Rxc6 Rb2 26.
R6c2 Rdb5 27. Kf1 h6 28. h4 Rxc2 29. Rxc2 Rb1+ 30. Kg2 Rb5 31. Rd2 Rd5 32. Be3
Ke6 33. Rxd4 Rb5 34. Bf4 Ne5 35. Bxe5 Rxe5 36. e3 Ra5 37. Kf3 Ra2 38. Rb4 Kf6
39. g4 fxg4+ 40. Rxg4 g6 41. Rb4 Rc2 42. Rb5 Ra2 43. Rb6+ Kf7 44. Kg3 Kg7 45.
e4 Rc2 46. f3 Rc7 47. Kg4 Rc5 48. Rd6 Ra5 49. Rd5 Ra7 50. e5 Ra4+ 51. f4 Ra1
52. Rd3 h5+ 53. Kf3 Kf7 54. Rd7+ Kf8 55. Rd2 Rh1 56. Kg3 Rg1+ 57. Rg2 Re1 58.
Kf2 Rh1 59. Rxg6 Rxh4 60. Kg3 Rh1 61. Rg5 Kf7 62. Kf3 Ke7 63. Rg6 Kf7 64. Rh6
Kg7 65. Ra6 Rg1 66. Ke4 h4 67. Ra7+ Kg8 68. Ra2 h3 69. Rh2 Rg3 70. f5 Kf7 71.
Kf4 Rc3 72. Kg4 Re3 73. e6+ Kf6 74. Rxh3 Re4+ 75. Kf3 Re5 76. Rh5 Re1 77. Kf4
Rf1+ 78. Ke4 Re1+ 79. Kd5 Rd1+ 80. Kc6 Rd2 81. Rh8 Ke7 82. Rh7+ Kf8 83. f6 Rc2+
84. Kd6 Rd2+ 85. Kc5 Rc2+ 86. Kd4 1-0

[Event "SA Championship"]
[Site "Adelaide"]
[Date "2008.04.08"]
[Round "10.2"]
[White "Zulfic, Fedja"]
[Black "Sykes, Alexander"]
[Result "1/2-1/2"]
[WhiteElo "1767"]
[BlackElo "1920"]
[PlyCount "71"]
[EventDate "2008.02.05"]
[EventType "tourn"]
[EventRounds "11"]
[EventCountry "AUS"]

1. d4 Nf6 2. c4 g6 3. Nc3 d5 4. Bf4 Bg7 5. e3 c5 6. Rc1 cxd4 7. exd4 O-O 8. Nf3
Nc6 9. Be2 Bg4 10. O-O dxc4 11. d5 Na5 12. h3 Bf5 13. Ne5 Rc8 14. Qa4 a6 15.
Rfd1 b5 16. Qb4 Bd7 17. Bf3 Nb7 18. Nc6 Bxc6 19. dxc6 Nd6 20. Bxd6 exd6 21.
Rxd6 Qe7 22. Rcd1 Rcd8 23. Qa3 Rxd6 24. Qxd6 Qxd6 25. Rxd6 Rc8 26. a3 Kf8 27.
Kf1 Ke7 28. Rd2 Bh6 29. Rd1 Rd8 30. Re1+ Kd6 31. Na2 Re8 32. Rd1+ Kc7 33. Nb4
a5 34. Nd5+ Nxd5 35. Rxd5 Kb6 36. Rd1 1/2-1/2

[Event "SA Championship"]
[Site "Adelaide"]
[Date "2008.04.08"]
[Round "10.4"]
[White "Short, Andrew"]
[Black "Juszczynski, Mathew"]
[Result "1-0"]
[WhiteElo "1703"]
[BlackElo "1906"]
[PlyCount "65"]
[EventDate "2008.02.05"]
[EventType "tourn"]
[EventRounds "11"]
[EventCountry "AUS"]

1. e4 c5 2. Nf3 d6 3. d4 cxd4 4. Nxd4 Nf6 5. Nc3 a6 6. Be3 Ng4 7. Bg5 h6 8. Bh4
g5 9. Bg3 Bg7 10. Be2 h5 11. h4 gxh4 12. Rxh4 Qa5 13. Qd2 Nc6 14. Nb3 Bxc3 15.
Qxc3 Qxc3+ 16. bxc3 e5 17. Bxg4 Bxg4 18. f3 Be6 19. Bf2 Ke7 20. a4 f5 21. Nd2
d5 22. Bc5+ Kd7 23. Rd1 Kc7 24. exd5 Bxd5 25. Nb3 Rad8 26. a5 Rd7 27. Bb6+ Kc8
28. Nc5 Rd6 29. c4 Nb4 30. cxd5 Nxc2+ 31. Kf2 Nd4 32. Rc1 Kb8 33. Nxa6+ 1-0

[Event "SA Championship"]
[Site "Adelaide"]
[Date "2008.04.08"]
[Round "10.5"]
[White "Kerr, Bill"]
[Black "Cloudsdale, Colin"]
[Result "0-1"]
[WhiteElo "1958"]
[BlackElo "1962"]
[PlyCount "102"]
[EventDate "2008.02.05"]
[EventType "tourn"]
[EventRounds "11"]
[EventCountry "AUS"]

1. f4 c5 2. Nf3 Nc6 3. g3 g6 4. Bg2 Bg7 5. O-O d5 6. d3 f5 7. c3 Nf6 8. Qb3 Qc7
9. Re1 Bd7 10. Nbd2 O-O-O 11. e4 e6 12. Ng5 c4 13. dxc4 dxe4 14. Nf7 Ng4 15.
Nf1 Na5 16. Qa3 Kb8 17. Be3 Bf8 18. b4 b6 19. Rad1 Nxc4 20. Qc1 Bg7 21. Nxh8
Rxh8 22. h3 Ngxe3 23. Nxe3 Nxe3 24. Rxe3 Ba4 25. Rd2 Rc8 26. c4 Qxc4 27. Qxc4
Rxc4 28. Ra3 Bd4+ 29. Rxd4 Rxd4 30. Rxa4 Rd3 31. Kf2 Kb7 32. b5 Rc3 33. Bxe4+
fxe4 34. Rxe4 Rc2+ 35. Kf3 Rxa2 36. Rxe6 a5 37. Re7+ Kb8 38. Rxh7 a4 39. Rg7
Rb2 40. Rxg6 Rxb5 41. Re6 a3 42. Re1 Rb2 43. h4 b5 44. h5 b4 45. h6 a2 46. h7
Rh2 47. Re8+ Kb7 48. Re1 b3 49. Re7+ Kb6 50. Re6+ Kb5 51. Re5+ Kb4 0-1

[Event "SA Championship"]
[Site "Adelaide"]
[Date "2008.04.17"]
[Round "11.1"]
[White "Juszczynski, Mathew"]
[Black "Kerr, Bill"]
[Result "0-1"]
[WhiteElo "1906"]
[BlackElo "1958"]
[PlyCount "66"]
[EventDate "2008.02.05"]
[EventType "tourn"]
[EventRounds "11"]
[EventCountry "AUS"]

1. d4 Nc6 2. c4 e5 3. d5 Nce7 4. e4 d6 5. Nc3 g6 6. Nf3 Bg7 7. Be2 f5 8. exf5
gxf5 9. Ng5 Nf6 10. Bh5+ Ng6 11. Nxh7 Nxh7 12. Bxg6+ Kf8 13. h4 Kg8 14. Bxh7+
Rxh7 15. h5 f4 16. Ne4 Bf5 17. f3 Bf6 18. Bd2 Bh4+ 19. Ke2 Rg7 20. Qf1 c6 21.
dxc6 bxc6 22. Rd1 d5 23. Nd6 dxc4 24. Bc3 Bd3+ 25. Rxd3 cxd3+ 26. Kd2 Qxd6 27.
Rxh4 Qc5 28. h6 Qe3+ 29. Kd1 Rd7 30. Rh5 Re8 31. Qe1 Kh7 32. Rxe5 Rxe5 33. Bxe5
Qxe1+ 0-1